00739nam a2200193 a 450000100100000000500170001000800410002702000150006804000250008308200130010824500750012125000110019626000720020730000280027950000740030770000360038195201110041799900170052800004159320201002035646.0131011s1987 sp a 000 0 spa d a8400063716 aDO-SdBNPbspacBNPHU axxxbxxx00aLibro de las suertes /canónimo ; edición de Rosa Navarro Durán. a2a ed. aMadrid :bConsejo Superior de Investigaciones Científicas,c1987. a326 p. :bil. ;c21 cm. aIncluye referencias bibliográficas y notas al pie de las páginas.12aNavarro Duran, Rosaeed.915576 001050718MOaGRbGRcCTd2013-10-11iLF1l0oxxx xxxp41593-10r2020-06-25w2020-06-25y1ZNo se presta c41083d41083